A kávétermőterületeket fenyegető veszélyek

Bibliográfiai részletek
Szerző: Mizsei Anna
További közreműködők: Adorján Krisztián
Dokumentumtípus: Projektmunka
Kulcsszavak:fair trade
fenntarthatóság
kávétermőterületek
klímaváltozás
specialty
Online Access:http://dolgozattar.uni-bge.hu/60149

MARC

LEADER 00000nnm a2200000 i 4500
001 dolg60149
005 20260409150044.0
008 260409suuuu hu o 000 hun d
040 |a BGE Dolgozattár Repozitórium  |b hun 
041 |a hu 
100 1 |a Mizsei Anna 
245 1 2 |a A kávétermőterületeket fenyegető veszélyek  |c Mizsei Anna  |h [elektronikus dokumentum] 
516 |a Project_work 
520 3 |a Szakprojektmunkámban a kávétermőterületeket fenyegető főbb veszélyeket és azok hatásait kutatom és imsertetem. A legnagyobb hatással az éghajlatváltozás van a kávé termelésre, illetve árának változására. A sokak által kedvelt élvezeti cikk nem is gondolnánk mennyire érzékeny és milyen jelentős veszélyeknek van kitéve, Dolgozatomban találkozhatnak különböző kártevőkkel és a kávécserjét támadó betegségekkel, amik szintén nagy veszélyt jelentenek, azonban már vannak olyan eléjárások és módszerek, melyekkel csökkenteni lehet ezek előfordulásának, kialakulásának valószínűségét. Nagyon fontosak a farmereket és a termőterületeken dolgozókat védő szervezetek és megozdulások, ilyen például a fair trade, amiről napjainkban egyre többet lehet hallani és a kávétermesztés során jelentős szerepe van. Fontos azon is elgondolkodni, hogy hosszú távon milyen alternatívái lehetnek a kávénák, ugyanis egyes kutatások alapján lehet, hogy egyszer lekell mondanunk mindennapi fogyasztásáról. 
695 |a fair trade 
695 |a fenntarthatóság 
695 |a kávétermőterületek 
695 |a klímaváltozás 
695 |a specialty 
700 1 |a Adorján Krisztián  |e ths 
856 4 0 |u http://dolgozattar.uni-bge.hu/60149/1/A%20k%C3%A1v%C3%A9term%C5%91ter%C3%BCleteket%20fenyeget%C5%91%20vesz%C3%A9lyek-szakprojektmunka-Mizsei%20Anna%20%281%29.pdf  |z Dokumentum-elérés 
856 4 0 |u http://dolgozattar.uni-bge.hu/60149/2/Mizsei%20Anna.pdf  |z Dokumentum-elérés